Thiết kế mẫu với CorelDraw 11nhanh và hiệu quả

Salvato in:
Dettagli Bibliografici
Autore principale: Quang Huấn
Natura: Libro
Lingua:Undetermined
Pubblicazione: Hà Nội Giao thông vận tải 2003
Soggetti:
Tags: Aggiungi Tag
Nessun Tag, puoi essere il primo ad aggiungerne! !
Thư viện lưu trữ: Trung tâm Học liệu Trường Đại học Cần Thơ
LEADER 00594nam a2200205Ia 4500
001 CTU_93430
008 210402s9999 xx 000 0 und d
020 |c 50000 
082 |a 006.68 
082 |b Qu106 
100 |a Quang Huấn 
245 0 |a Thiết kế mẫu với CorelDraw 11nhanh và hiệu quả 
245 0 |c Quang Huấn, Quang Huy 
260 |a Hà Nội 
260 |b Giao thông vận tải 
260 |c 2003 
650 |a Computer graphics 
650 |x Computer programs 
904 |i Năm 
980 |a Trung tâm Học liệu Trường Đại học Cần Thơ